| 000 | 00611nam a2200217Ia 4500 | ||
|---|---|---|---|
| 005 | 20230606132222.0 | ||
| 008 | 131103s9999 xx 000 0 und d | ||
| 040 | _aLoreto College | ||
| 041 | _aEnglish | ||
| 082 |
_a808.2 _bKRU |
||
| 100 | _aKrutch, Joseph Wood | ||
| 245 |
_aModernism in modern drama _b adefinition and an estimate _cJoseph Wood Krutch |
||
| 260 |
_aIthaca _bCornell University Press _c1966 |
||
| 300 | _aix, 137 p. | ||
| 440 | _aCornell paperbacks | ||
| 504 | _aFirst published in 1953 | ||
| 650 | _aLiterature - | ||
| 651 | _aRhetoric -Drama - | ||
| 850 | _aLCLIB | ||
| 942 | _cBK | ||
| 999 |
_c1680 _d52159 |
||